000 00546nam a2200205Ia 4500
003 IN-BaIIA
008 211028s9999 xx 000 0 eng d
020 _a0-435-68282-2
040 _cIIA Library
080 _a52
_bFOC
245 0 _aFocus on the stars
_cedited by H. Messel and S.T. Butler
260 _aLondon
_bHeinemann
_c1977
300 _a287p.
650 _aAstronomy
_980
650 _aAstronomy and astrophysics thesaurus
650 _aStars
700 _aButler, S. T., ed.
_94251
700 _aMessel, H., ed.
_94252
942 _cBK
999 _c5787
_d5787